[Event "European Blitz 2017"]
[Site "Katowice POL"]
[Date "2017.12.15"]
[Round "14.15"]
[White "Stocek, Jiri"]
[Black "McShane, Luke J"]
[Result "1-0"]
[WhiteTitle "GM"]
[BlackTitle "GM"]
[WhiteElo "2566"]
[BlackElo "2640"]
[WhiteFideId "304760"]
[BlackFideId "404853"]
[EventDate "2017.12.15"]
[EventType "blitz"]

1. d4 Nf6 2. Nf3 g6 3. c4 Bg7 4. Nc3 O-O 5. e4 d6 6. Be2 e5 7. d5 a5 8. Bg5 Na6
9. Nd2 Qe8 10. a3 h6 11. Be3 Bd7 12. b3 Nh7 13. O-O f5 14. f3 Kh8 15. Rb1 Nc5
16. Qc2 b6 17. b4 Nb7 18. Nb5 Qd8 19. Nb3 a4 20. Nd2 Rf6 21. Rbc1 f4 22. Bf2 Bf8
23. Nb1 g5 24. N1c3 Rg6 25. Nxa4 h5 26. c5 bxc5 27. bxc5 Be8 28. cxd6 Nxd6 29.
Nxd6 Bxd6 30. Nc5 g4 31. Ne6 Qe7 32. Bc5 gxf3 33. Bxf3 Nf6 34. Bxd6 cxd6 35. Qb2
Bd7 36. Rc7 Rag8 37. Rb7 Ng4 38. Nxf4 R6g7 39. Nxh5 Qh4 40. Bxg4 Rxg4 41. Ng3
Be8 42. Qf2 Rf4 43. Qe1 Bg6 44. Rxf4 Qxf4 45. Qf2 Rc8 46. Qxf4 exf4 47. Nf5 Bxf5
48. exf5 Rc5 49. f6 Kg8 50. Rg7+ Kf8 51. Rg4 Rc4 52. g3 Rc1+ 53. Kg2 fxg3 54.
Kxg3 Kf7 55. Rf4 Rc5 56. Rf5 Rc3+ 57. Rf3 Rc1 58. h4 Rg1+ 59. Kf2 Rg4 60. h5 Rg5
61. h6 Rh5 62. Ke3 Rxh6 63. Kd4 Rh4+ 64. Kc3 Ra4 65. Kb3 Rd4 66. Rf5 Rd3+ 67.
Kb4 Rh3 68. a4 Rh8 69. a5 Rb8+ 70. Ka4 Kg6 71. Rf1 Kf7 72. a6 Rb2 73. Ka5 Ke8
74. f7+ Kf8 75. a7 Ra2+ 76. Kb6 Rb2+ 77. Kc7 Ra2 78. Kb7 Rb2+ 79. Ka8 Rb3 80.
Rf6 Rb6 81. Rh6 Rb5 82. Rh8+ Kxf7 83. Rh7+ Kf6 84. Rb7 Rxd5 85. Rb6 Ke5 86. Kb7
Ra5 87. Ra6 Rb5+ 88. Kc6 Rc5+ 89. Kd7 Rc1 90. a8=Q d5 91. Re6+ Kd4 92. Qa4+ Rc4
93. Qd1+ Kc3 94. Rc6 1-0

[Event "European Blitz 2017"]
[Site "Katowice POL"]
[Date "2017.12.15"]
[Round "14.16"]
[White "Buhmann, Rainer"]
[Black "Tomczak, Jacek"]
[Result "1/2-1/2"]
[WhiteTitle "GM"]
[BlackTitle "GM"]
[WhiteElo "2584"]
[BlackElo "2588"]
[WhiteFideId "4651340"]
[BlackFideId "1124668"]
[EventDate "2017.12.15"]
[EventType "blitz"]

1. Nf3 Nf6 2. c4 g6 3. Nc3 d5 4. cxd5 Nxd5 5. h4 Bg7 6. e4 Nxc3 7. dxc3 Qxd1+ 8.
Kxd1 Nd7 9. Nd4 c5 10. Nc2 b6 11. f3 Bb7 12. Ne3 e6 13. Nc4 Ke7 14. Bf4 e5 15.
Bg5+ f6 16. Bd2 h5 17. Kc2 Nf8 18. a4 Ne6 19. Ne3 Nc7 20. Be2 Bh6 21. Rhd1 Rad8
22. Bc4 Bf4 23. Nf1 Ne6 24. g3 Bxd2 25. Rxd2 Rxd2+ 26. Kxd2 f5 27. exf5 gxf5 28.
Re1 Kf6 29. Ke2 Rd8 30. Ne3 f4 31. Bxe6 Kxe6 32. gxf4 exf4 33. Nc4 Kf6 34. Nd2
c4 35. Rg1 Rd3 36. Rg5 Re3+ 37. Kf2 Rd3 38. Ke2 Re3+ 39. Kf2 Rd3 1/2-1/2

[Event "European Blitz 2017"]
[Site "Katowice POL"]
[Date "2017.12.15"]
[Round "14.17"]
[White "Feuerstack, Aljoscha"]
[Black "Georgiev, Kiril"]
[Result "1/2-1/2"]
[WhiteTitle "IM"]
[BlackTitle "GM"]
[WhiteElo "2438"]
[BlackElo "2623"]
[WhiteFideId "4681932"]
[BlackFideId "2900017"]
[EventDate "2017.12.15"]
[EventType "blitz"]

1. e4 c5 2. c3 Nf6 3. e5 Nd5 4. Nf3 Nc6 5. Bc4 Nb6 6. Bb3 c4 7. Bc2 d6 8. exd6
Qxd6 9. O-O g6 10. b3 Bg7 11. Na3 cxb3 12. axb3 O-O 13. d4 Bg4 14. h3 Bxf3 15.
Qxf3 Nd5 16. Re1 Nxc3 17. Nc4 Qxd4 18. Bb2 Qf6 19. Qg3 b5 20. Re3 bxc4 21. Bxc3
Nd4 22. bxc4 Ne2+ 23. Rxe2 Qxc3 24. Qxc3 Bxc3 25. Ra6 Bb4 26. Be4 Rac8 27. Rxa7
Rxc4 28. g3 Rfc8 29. Kg2 Kg7 30. Ra4 Bd6 31. Rxc4 Rxc4 32. Bd3 Rc3 33. Be4 g5
34. Rc2 Ra3 35. Rd2 h6 36. Bf3 Kg6 37. g4 Kg7 38. Re2 Bc5 39. Rc2 Bd6 40. Rd2
Rc3 41. Re2 Bc5 42. Be4 e6 43. Rc2 Rxc2 44. Bxc2 1/2-1/2

[Event "European Blitz 2017"]
[Site "Katowice POL"]
[Date "2017.12.15"]
[Round "14.18"]
[White "Saric, Ante"]
[Black "Meskovs, Nikita"]
[Result "1-0"]
[WhiteTitle "GM"]
[BlackTitle "GM"]
[WhiteElo "2540"]
[BlackElo "2538"]
[WhiteFideId "14506254"]
[BlackFideId "11602740"]
[EventDate "2017.12.15"]
[EventType "blitz"]

1. Nf3 Nf6 2. g3 g6 3. b3 Bg7 4. Bb2 O-O 5. Bg2 a5 6. c4 Na6 7. O-O d6 8. d4 c6
9. Nc3 Bg4 10. h3 Bxf3 11. Bxf3 e5 12. e3 Re8 13. Bg2 Qc7 14. d5 Nc5 15. Ba3
Nfd7 16. Qc2 f5 17. e4 f4 18. h4 Rf8 19. Bh3 Rf6 20. dxc6 bxc6 21. Rad1 Raf8 22.
Qd2 Bh6 23. f3 Qa7 24. Kg2 R8f7 25. Bxd7 Rxd7 26. g4 Bf8 27. Bxc5 Qxc5 28. Na4
Qa7 29. Rh1 Be7 30. h5 g5 31. Qf2 Qc7 32. Rd3 Rf8 33. Rhd1 Rb8 34. Nc5 Rdd8 35.
Ne6 Qb7 36. Nxd8 Rxd8 37. Qd2 Qb6 38. Qf2 c5 39. Qc2 Kf7 40. h6 1-0

[Event "European Blitz 2017"]
[Site "Katowice POL"]
[Date "2017.12.15"]
[Round "14.19"]
[White "Kuzmicz, Krystian"]
[Black "Rodshtein, Maxim"]
[Result "1/2-1/2"]
[WhiteTitle "IM"]
[BlackTitle "GM"]
[WhiteElo "2460"]
[BlackElo "2699"]
[WhiteFideId "1119125"]
[BlackFideId "2806851"]
[EventDate "2017.12.15"]
[EventType "blitz"]

1. e4 c6 2. d4 d5 3. f3 e6 4. Nc3 Bb4 5. Bf4 Ne7 6. Qd3 b6 7. Ne2 Ba6 8. Qe3 Nd7
9. a3 Bxc3+ 10. Nxc3 Bxf1 11. Rxf1 O-O 12. Kf2 dxe4 13. fxe4 e5 14. Bxe5 Nxe5
15. dxe5 Ng6 16. e6 f6 17. Kg1 Qe7 18. Qh3 Rae8 19. Rad1 Ne5 20. Rf2 Qxe6 21.
Qxe6+ Rxe6 22. b3 Re7 23. Rfd2 Kf7 24. h3 Rfe8 25. Kf2 h5 26. Rd8 b5 27. Rxe8
Rxe8 28. Ke3 a6 29. Kd4 Nd7 30. Ke3 Ke7 31. Ne2 Ne5 32. Nd4 g6 33. Nf3 Nd7 34.
Kf4 Rf8 35. g4 hxg4 36. hxg4 Nc5 37. Nd4 Ne6+ 38. Nxe6 Kxe6 39. Rh1 Rd8 40. Ke3
g5 41. Rh7 Rd1 42. Ra7 Re1+ 43. Kf3 Rf1+ 44. Ke3 Rf4 45. Rxa6 Kd6 46. a4 Kc5 47.
axb5 Kxb5 48. Ra7 Rxg4 49. Rf7 Rf4 50. Rg7 Kb4 51. e5 fxe5 52. Rxg5 Rf7 53. Rxe5
c5 54. Re4+ Kb5 1/2-1/2

[Event "European Blitz 2017"]
[Site "Katowice POL"]
[Date "2017.12.15"]
[Round "14.20"]
[White "Stupak, Kirill"]
[Black "Mastrovasilis, Dimitrios"]
[Result "1-0"]
[WhiteTitle "GM"]
[BlackTitle "GM"]
[WhiteElo "2588"]
[BlackElo "2582"]
[WhiteFideId "13503758"]
[BlackFideId "4202694"]
[EventDate "2017.12.15"]
[EventType "blitz"]

1. d4 d5 2. Nf3 Nf6 3. g3 Bf5 4. Bg2 e6 5. O-O h6 6. c4 c6 7. Nc3 Nbd7 8. Qb3
Qb6 9. c5 Qxb3 10. axb3 a6 11. b4 Rc8 12. Nd2 Be7 13. Nb3 Bd8 14. Bf4 O-O 15.
Bd6 Re8 16. f4 Ne4 17. Bxe4 Bxe4 18. Na5 Bxa5 19. bxa5 Nf6 20. Ra4 Rcd8 21. Rb4
Rd7 22. Ra1 Bc2 23. Kf2 Rc8 24. Ke1 Ne8 25. Kd2 Bf5 26. Na4 Nxd6 27. cxd6 Ra8
28. Nb6 Rad8 29. Nxd7 Rxd7 30. Ra3 g5 31. Rab3 gxf4 32. gxf4 Kg7 33. Rxb7 Rxd6
34. R3b6 Kf6 35. Rxa6 Bg6 36. Ra8 1-0

[Event "European Blitz 2017"]
[Site "Katowice POL"]
[Date "2017.12.15"]
[Round "14.22"]
[White "Rocha, Sergio"]
[Black "Demidov, Mikhail"]
[Result "0-1"]
[WhiteTitle "IM"]
[BlackTitle "IM"]
[WhiteElo "2370"]
[BlackElo "2523"]
[WhiteFideId "1900404"]
[BlackFideId "4197143"]
[EventDate "2017.12.15"]
[EventType "blitz"]

1. Nf3 d5 2. c4 d4 3. b4 f6 4. e4 e5 5. a3 a5 6. b5 Nh6 7. d3 Nf7 8. g3 a4 9.
Be2 Bh3 10. Nh4 Qd7 11. f4 exf4 12. gxf4 c6 13. bxc6 Nxc6 14. Nd2 g6 15. Nf1 Bd6
16. Ng3 Na5 17. Bb2 Nb3 18. Rb1 Bxf4 19. Nf3 Qd6 20. Rg1 Be3 21. Rf1 O-O 22. Rf2
Rae8 23. Ng1 Bxf2+ 24. Kxf2 Qf4+ 25. Ke1 Bd7 26. Bc1 Nxc1 27. Qxc1 Qxc1+ 28.
Rxc1 Ne5 29. Rb1 Rb8 30. Rb6 Bc6 31. Nh3 Nd7 32. Rb4 b5 33. Nf4 bxc4 34. Rxc4
Ne5 35. Rxd4 Rb3 36. Rd6 Bb5 37. d4 Nc4 38. Ne6 Nxd6 39. Bg4 Re8 40. Nc5 Rxa3
41. Kd2 Rxg3 42. hxg3 Nxe4+ 0-1

[Event "European Blitz 2017"]
[Site "Katowice POL"]
[Date "2017.12.15"]
[Round "14.23"]
[White "Alekseev, Evgeny"]
[Black "Maier, Christian"]
[Result "0-1"]
[WhiteTitle "GM"]
[BlackTitle "IM"]
[WhiteElo "2616"]
[BlackElo "2393"]
[WhiteFideId "4138147"]
[BlackFideId "4601955"]
[EventDate "2017.12.15"]
[EventType "blitz"]

1. Nf3 Nf6 2. c4 d6 3. d4 g6 4. Nc3 Bg7 5. g3 O-O 6. Bg2 Nbd7 7. O-O e5 8. e4
exd4 9. Nxd4 Re8 10. h3 Nc5 11. Re1 c6 12. Bf4 Ne6 13. Nxe6 Bxe6 14. b3 Nd7 15.
Rc1 Ne5 16. Be3 Qa5 17. Ne2 Rad8 18. f4 Nd7 19. Nd4 Nc5 20. Qc2 Qc7 21. Bf2 a5
22. Kh2 Bc8 23. Rcd1 Ne6 24. Nf3 b6 25. Kg1 Bb7 26. Rd2 a4 27. Rdd1 axb3 28.
axb3 Ba8 29. b4 Qb8 30. Qb3 Nc7 31. Qc2 b5 32. c5 d5 33. e5 Bb7 34. g4 Bc8 35.
f5 Bd7 36. Bg3 Qc8 37. Nd4 Na6 38. Qd2 Qb8 39. Nf3 gxf5 40. Kh2 Qc8 41. g5 Nc7
42. Nd4 Be6 43. h4 Qd7 44. Rf1 Ra8 45. Rf2 Ra3 46. Re1 Rea8 47. Bf4 R8a4 48. Rc1
Na6 49. Nc2 Ra2 50. Qc3 Bf8 51. Rd2 Nxc5 52. bxc5 Rxf4 53. Qg3 Raa4 0-1

[Event "European Blitz 2017"]
[Site "Katowice POL"]
[Date "2017.12.15"]
[Round "14.24"]
[White "Lewicki, Miroslaw"]
[Black "Bosiocic, Marin"]
[Result "0-1"]
[WhiteTitle "CM"]
[BlackTitle "GM"]
[WhiteElo "2404"]
[BlackElo "2624"]
[WhiteFideId "1113380"]
[BlackFideId "14507927"]
[EventDate "2017.12.15"]
[EventType "blitz"]

1. e4 c5 2. Nf3 e6 3. Nc3 Nc6 4. Be2 a6 5. O-O b5 6. a3 Bb7 7. d4 cxd4 8. Nxd4
Qc7 9. Be3 Nf6 10. f4 Nxd4 11. Qxd4 h5 12. Rad1 Rc8 13. h3 h4 14. Rfe1 Bc5 15.
Qxc5 Qxc5 16. Bxc5 Rxc5 17. Bf3 e5 18. fxe5 Rxe5 19. Nd5 Rh6 20. b3 Bxd5 21.
exd5 Rxe1+ 22. Rxe1+ Kd8 23. c4 bxc4 24. bxc4 d6 25. a4 Nd7 26. a5 Nc5 27. Rb1
Kc7 28. Rb6 f5 29. Kf2 g5 30. Bd1 Rh8 31. Rc6+ Kd7 32. Bc2 Rf8 33. Kf3 Ke7 34.
Bb1 Nb3 35. Rb6 Nxa5 36. Bd3 Rc8 37. Rxa6 Nxc4 38. Bxf5 Ne5+ 39. Ke3 Rc3+ 40.
Kf2 Rc4 41. Be6 Rc2+ 42. Kg1 Nd3 43. Bf5 Rc1+ 44. Kh2 Nf4 45. Bg4 Rc2 46. Bf3
Rd2 47. Ra5 Kf6 48. Rb5 Ke5 49. Rb4 Rd4 50. Rb7 Nxd5 51. Rg7 Kf6 52. Rh7 Nf4 53.
Rh6+ Ke5 54. Rh8 Rd2 55. Rg8 Kf6 56. Rf8+ Kg6 57. Kg1 d5 58. Kf1 d4 59. Rd8 d3
60. Ke1 Rb2 61. Be4+ Kf6 62. Bxd3 Rxg2 63. Bf1 Rg3 64. Rd6+ Ke5 65. Ra6 Nxh3 66.
Ra5+ Kf6 67. Ra6+ Kg7 68. Ra7+ Kh6 69. Ra6+ Kh5 70. Be2+ g4 71. Ra5+ Ng5 72. Kf2
Rb3 73. Ra4 Rb2 74. Kf1 Nf3 75. Bxf3 gxf3 76. Rf4 h3 77. Rxf3 h2 78. Rh3+ Kg4
79. Rh8 Kg3 80. Rg8+ Kf3 81. Rf8+ Ke3 82. Rh8 Rf2+ 83. Ke1 Rg2 84. Re8+ Kd4 0-1

[Event "European Blitz 2017"]
[Site "Katowice POL"]
[Date "2017.12.15"]
[Round "14.25"]
[White "Brazdzionis, Andrius"]
[Black "Mohr, Georg"]
[Result "0-1"]
[BlackTitle "GM"]
[WhiteElo "2293"]
[BlackElo "2473"]
[WhiteFideId "12804479"]
[BlackFideId "14600013"]
[EventDate "2017.12.15"]
[EventType "blitz"]

1. d4 Nf6 2. Nf3 g6 3. c4 Bg7 4. Nc3 O-O 5. e4 d6 6. Be2 Bg4 7. O-O Nfd7 8. Be3
c5 9. dxc5 Nxc5 10. e5 Nc6 11. exd6 exd6 12. Qd2 Re8 13. h3 Bxf3 14. Bxf3 Ne6
15. Bxc6 bxc6 16. Rad1 Qh4 17. Qxd6 Qxc4 18. Rc1 a5 19. b3 Qa6 20. Na4 Rac8 21.
Nb6 Rcd8 22. Qxc6 Nd4 23. Bxd4 Bxd4 24. Na4 Qa7 25. Rc2 Kg7 26. Kh1 Re6 27. Qc4
Rf6 28. Rd1 Qe7 29. Rcd2 Rfd6 30. Qe2 Qf6 31. f3 Be5 32. Rxd6 Rxd6 33. Rxd6 Bxd6
34. Kg1 Qd4+ 35. Kf1 Be5 36. Qc2 h5 37. Ke2 h4 38. Qe4 Qa1 39. Qc2 Bf6 40. Kd3
Qe5 41. Qc4 Qe1 42. Qc2 Qf1+ 43. Qe2 Qb1+ 44. Qc2 Qa1 45. Kc4 Qe5 46. Qd3 Kh7
47. Nc5 Be7 48. Ne4 f5 49. Nd2 Qc5# 0-1

[Event "European Blitz 2017"]
[Site "Katowice POL"]
[Date "2017.12.15"]
[Round "14.26"]
[White "Trent, Lawrence"]
[Black "Licznerski, Lukasz"]
[Result "1/2-1/2"]
[WhiteTitle "IM"]
[BlackTitle "FM"]
[WhiteElo "2436"]
[BlackElo "2267"]
[WhiteFideId "408638"]
[BlackFideId "1179250"]
[EventDate "2017.12.15"]
[EventType "blitz"]

1. e4 c6 2. Ne2 d5 3. e5 c5 4. d4 Nc6 5. c3 Bf5 6. Be3 e6 7. dxc5 Nxe5 8. Nd4
Bxb1 9. Rxb1 Nf6 10. Bb5+ Nfd7 11. b4 Be7 12. O-O O-O 13. f4 a6 14. Bxd7 Nxd7
15. c6 bxc6 16. Nxc6 Qe8 17. a4 Bd6 18. c4 Nb6 19. Bxb6 Qxc6 20. c5 Bc7 21. b5
Qb7 22. Bxc7 Qxc7 23. Qd4 axb5 24. axb5 g6 25. Rfc1 Rfb8 26. c6 Rb6 27. h4 h5
28. f5 gxf5 29. Rb3 Rab8 30. Rcc3 Rxb5 31. Rg3+ Kf8 32. Rxb5 Rxb5 33. Qg7+ Ke7
34. Qg5+ Ke8 35. Qg8+ Ke7 36. Qg5+ Ke8 37. Qg8+ Ke7 38. Qg5+ Ke8 39. Qg8+ Ke7
40. Qg5+ f6 41. Qg7+ Kd6 42. Qxf6 Rb1+ 43. Kh2 Rb5 44. Kg1 1/2-1/2

[Event "European Blitz 2017"]
[Site "Katowice POL"]
[Date "2017.12.15"]
[Round "14.27"]
[White "Aleksandrov, Aleksej"]
[Black "Cieslar, Michal"]
[Result "1-0"]
[WhiteTitle "GM"]
[WhiteElo "2589"]
[BlackElo "2032"]
[WhiteFideId "13500139"]
[BlackFideId "1141066"]
[EventDate "2017.12.15"]
[EventType "blitz"]

1. d4 d6 2. e4 g6 3. Nc3 Bg7 4. Be3 Nd7 5. Nge2 e5 6. g3 Ne7 7. Bg2 O-O 8. O-O
f5 9. Qd2 c6 10. Bg5 Nf6 11. Rad1 Qb6 12. b3 Be6 13. Na4 Qc7 14. dxe5 dxe5 15.
Nc5 Bf7 16. Bxf6 Bxf6 17. Nd7 Bg7 18. Nxf8 Bxf8 19. exf5 Nxf5 20. Nc3 Bb4 21.
Qd3 Qa5 22. Ne4 Qxa2 23. Ng5 Rf8 24. Ra1 Qb2 25. Rxa7 Nd6 26. h4 Bc5 27. Ra5 Bb6
28. Ra4 Nf5 29. h5 Rd8 30. Qe2 Bd5 31. hxg6 hxg6 32. Bxd5+ Rxd5 33. Rb4 Bc5 34.
Rxb7 Qd4 35. Ne4 Rd7 36. c3 Nxg3 37. Nxg3 Qd5 38. Rxd7 Qxd7 39. Qc4+ Qd5 40.
Qxd5+ cxd5 41. b4 Bd6 42. Rd1 d4 43. cxd4 Bxb4 44. dxe5 Kf7 45. f4 1-0

[Event "European Blitz 2017"]
[Site "Katowice POL"]
[Date "2017.12.15"]
[Round "14.28"]
[White "Plat, Vojtech"]
[Black "Sadzikowski, Daniel"]
[Result "1/2-1/2"]
[WhiteTitle "GM"]
[BlackTitle "GM"]
[WhiteElo "2567"]
[BlackElo "2584"]
[WhiteFideId "325740"]
[BlackFideId "1132253"]
[EventDate "2017.12.15"]
[EventType "blitz"]

1. e4 c5 2. Nf3 d6 3. d4 cxd4 4. Qxd4 Nf6 5. e5 Nc6 6. Bb5 Nd7 7. Bxc6 bxc6 8.
exd6 e5 9. Qd1 Qf6 10. Nc3 Qxd6 11. Be3 Qxd1+ 12. Rxd1 Bb4 13. O-O Bxc3 14. bxc3
f6 15. Rd6 Ke7 16. Rxc6 Bb7 17. Rc7 Bxf3 18. gxf3 Rhc8 19. Rb7 Rab8 20. Rxa7 Ra8
21. Rb7 Rab8 22. Rxb8 Rxb8 23. a4 Ra8 24. Ra1 Ra5 25. c4 Kd6 26. Bd2 Ra6 27.
Bb4+ Kc6 28. a5 Nb6 29. Bf8 Ra7 30. c5 Nd7 31. Bxg7 Kxc5 32. Bh6 Ra6 33. Be3+
Kc4 34. Rd1 Nc5 35. Bxc5 Kxc5 36. Ra1 Kc4 37. Kf1 Kc3 38. Ke2 Kxc2 39. Ke3 Kb2
40. Ra4 Kb3 41. Rh4 Rxa5 42. Rxh7 Ra4 43. Rb7+ Kc2 44. Rc7+ Kd1 45. Rf7 Rf4 46.
h4 Rxh4 47. Rxf6 Ke1 48. Rf5 Ra4 49. Rxe5 Ra3+ 50. Ke4 Kxf2 51. f4 Ra4+ 52. Kf5
Kg3 53. Re3+ Kh4 54. Rd3 Ra8 55. Ke4 Re8+ 56. Kf3 Rf8 57. Rd5 Re8 58. Rg5 Rf8
59. Rg1 Kh5 60. Rg7 Kh6 61. Rg5 Rf7 62. Kg4 Ra7 63. Rg8 Ra5 64. Rb8 Kg6 65. Rb6+
Kf7 66. f5 Ra1 67. Kg5 Rg1+ 68. Kf4 Rf1+ 69. Ke4 1/2-1/2

[Event "European Blitz 2017"]
[Site "Katowice POL"]
[Date "2017.12.15"]
[Round "14.29"]
[White "Fridman, Daniel"]
[Black "Kashtanov, Ruslan"]
[Result "1-0"]
[WhiteTitle "GM"]
[BlackTitle "IM"]
[WhiteElo "2633"]
[BlackElo "2376"]
[WhiteFideId "11600454"]
[BlackFideId "4124871"]
[EventDate "2017.12.15"]
[EventType "blitz"]

1. Nf3 Nf6 2. c4 g6 3. Nc3 Bg7 4. e4 d6 5. d4 O-O 6. Be2 c5 7. O-O cxd4 8. Nxd4
Nc6 9. Be3 Bd7 10. Qd2 Nxd4 11. Bxd4 Bc6 12. f3 a5 13. b3 Nd7 14. Be3 Nc5 15.
Rac1 Qb6 16. Nb5 f5 17. exf5 gxf5 18. Rfe1 f4 19. Bf2 Be5 20. Bf1 Rac8 21. Nc3
Qb4 22. Bd4 Nd7 23. Rcd1 Rf7 24. Kh1 Bxd4 25. Qxd4 Qc5 26. Qd2 Qh5 27. c5 Nxc5
28. Bc4 e6 29. Rxe6 Bxf3 30. gxf3 Qxf3+ 31. Kg1 Kh8 32. Re8+ Rxe8 33. Bxf7 Re7
34. Qd4+ Re5 35. Rf1 Qe3+ 36. Qxe3 fxe3 37. Bc4 Rg5+ 38. Kh1 Re5 39. Re1 Kg7 40.
Nd5 e2 41. Rxe2 Ne4 42. Nf4 b5 43. Bd5 Nf6 44. Rxe5 dxe5 45. Ne6+ Kg6 46. Bc6 b4
47. Nc5 Kf5 48. Kg2 e4 49. Nb7 Kf4 50. Nxa5 Ng4 51. Nc4 e3 52. Bf3 Nf2 53. Be2
Ne4 54. a4 Nc3 55. Kf1 1-0

[Event "European Blitz 2017"]
[Site "Katowice POL"]
[Date "2017.12.15"]
[Round "14.42"]
[White "Jakubowski, Krzysztof"]
[Black "Tokranovs, Dmitrijs"]
[Result "1-0"]
[WhiteTitle "GM"]
[BlackTitle "FM"]
[WhiteElo "2526"]
[BlackElo "2348"]
[WhiteFideId "1112848"]
[BlackFideId "11603011"]
[EventDate "2017.12.15"]
[EventType "blitz"]

1. c4 c6 2. Nf3 d5 3. e3 Nf6 4. Nc3 e6 5. b3 Be7 6. Bb2 O-O 7. Qc2 b6 8. Rg1 Bb7
9. g4 c5 10. g5 Ne4 11. Be2 Nc6 12. Nxe4 Nb4 13. Qc3 d4 14. exd4 cxd4 15. Nxd4
Qxd4 16. Qxd4 Nc2+ 17. Kd1 Nxd4 18. Nf6+ Bxf6 19. gxf6 Nxe2 20. Rxg7+ Kh8 21.
Kxe2 Rad8 22. f3 Rd7 23. Rag1 e5 24. Bxe5 Re8 25. f4 Be4 26. R1g3 Bg6 27. a4
Red8 28. d4 a6 29. Rg5 h6 30. Rg3 b5 31. Rh3 1-0

[Event "European Blitz 2017"]
[Site "Katowice POL"]
[Date "2017.12.15"]
[Round "14.43"]
[White "Jahncke, Giso"]
[Black "Kutynec, Vladimir"]
[Result "1-0"]
[WhiteTitle "FM"]
[BlackTitle "IM"]
[WhiteElo "2403"]
[BlackElo "2270"]
[WhiteFideId "24608289"]
[BlackFideId "4119843"]
[EventDate "2017.12.15"]
[EventType "blitz"]

1. Nf3 d5 2. g3 Nf6 3. Bg2 b5 4. a4 b4 5. O-O e6 6. d3 Be7 7. Nbd2 Bb7 8. Qe1
O-O 9. e4 c5 10. e5 Nfd7 11. d4 cxd4 12. Nxd4 Nc6 13. N2b3 Nc5 14. Nxc6 Bxc6 15.
Qxb4 Rb8 16. Qg4 Nxb3 17. cxb3 Re8 18. Bh6 Bf8 19. Rfc1 Bd7 20. Be3 Qa5 21. Rc3
Rb4 22. Qd1 Ra8 23. Rac1 Rb7 24. Bc5 Rab8 25. Bxf8 Qb4 26. Rc7 Be8 27. Bf1 Rxc7
28. Rxc7 Kxf8 29. Qc2 Qd4 30. Rc8 Qxe5 1-0

[Event "European Blitz 2017"]
[Site "Katowice POL"]
[Date "2017.12.15"]
[Round "14.44"]
[White "Sanz Losada, Victoriano"]
[Black "Meissner, Felix"]
[Result "1/2-1/2"]
[WhiteTitle "CM"]
[BlackTitle "FM"]
[WhiteElo "2050"]
[BlackElo "2333"]
[WhiteFideId "2202808"]
[BlackFideId "24671827"]
[EventDate "2017.12.15"]
[EventType "blitz"]

1. d4 g6 2. c4 Bg7 3. Nc3 d6 4. e4 Nc6 5. Be3 e5 6. Nge2 exd4 7. Nxd4 Nge7 8.
Qd2 O-O 9. O-O-O f5 10. exf5 Bxd4 11. Bxd4 Nxf5 12. Be3 Nxe3 13. Qxe3 Qf6 14. f3
Be6 15. h4 Rae8 16. Qd2 Ne5 17. Nd5 Qf7 18. h5 c6 19. hxg6 Nxg6 20. Nc3 Qf4 21.
Ne4 Qxd2+ 22. Rxd2 d5 23. Ng5 Bf5 24. g4 Re1+ 25. Rd1 Rxd1+ 26. Kxd1 Bb1 27.
Rxh7 Ne5 28. Rxb7 dxc4 29. Rxa7 Bd3 30. Bxd3 Nxd3 31. Kd2 Nxb2 32. Kc3 Nd3 33.
Kxc4 Ne5+ 34. Kc5 Rd8 35. Re7 Rd5+ 36. Kb6 Rb5+ 37. Kc7 Ra5 38. Ne6 Ra7+ 39. Kd6
Nf7+ 40. Rxf7 Kxf7 41. Nd4 Rxa2 42. Kxc6 Ra4 43. Kd5 Kf6 44. Ke4 Kg5 45. Ke3
Ra3+ 46. Ke4 Ra4 47. Ke3 Rb4 48. Ke4 Rb8 49. Ne6+ Kf6 50. Nd4 Re8+ 51. Kf4 Rd8
52. Ke4 Re8+ 53. Kf4 Ra8 54. Ke4 Ra4 55. Ke3 Ke5 56. Nc6+ Kd5 57. Ne7+ Ke6 58.
Nf5 Ke5 59. Ng3 Ra3+ 60. Kf2 Rb3 61. Nh5 Ra3 62. Ng3 Ra2+ 63. Ne2 Ra3 64. Ng3
Kf4 65. Nh5+ Kg5 66. Ng3 Rb3 67. Ne2 Ra3 68. Ng3 Kf4 69. Ne2+ Ke5 70. Ng3 Kd4
71. Nf5+ Ke5 72. Ng3 Rb3 73. Ne2 Ra3 74. Ng3 Ra2+ 75. Ne2 Rb2 76. Ke3 Rb3+ 77.
Kf2 Kf6 78. Ng3 Ra3 79. Ne2 Kg5 80. Ng3 Rb3 81. Ne2 Kh4 82. Nf4 Ra3 83. Ne2 Kg5
84. Ng3 Ra8 85. Ne2 Rh8 86. Kg3 Ra8 87. Kf2 Ra2 88. Ke3 Ra3+ 89. Kf2 Kf6 90. Ng3
Ke5 91. Ne2 Ra2 92. Ke3 Ra3+ 93. Kf2 Rb3 94. Ng3 Rb8 95. Ne2 Rh8 96. Kg3 Ra8 97.
Kf2 Ra2 98. Ke3 Ra3+ 1/2-1/2

[Event "European Blitz 2017"]
[Site "Katowice POL"]
[Date "2017.12.15"]
[Round "14.45"]
[White "Costachi, Mihnea"]
[Black "Narva, Mai"]
[Result "1-0"]
[WhiteTitle "IM"]
[BlackTitle "WIM"]
[WhiteElo "2441"]
[BlackElo "2211"]
[WhiteFideId "1217518"]
[BlackFideId "4500512"]
[EventDate "2017.12.15"]
[EventType "blitz"]

1. d4 Nf6 2. c4 e6 3. Nf3 d5 4. Nc3 Be7 5. Bg5 O-O 6. e3 b6 7. cxd5 exd5 8. Bd3
Be6 9. O-O c5 10. Ne5 h6 11. Bh4 Nfd7 12. Bxe7 Qxe7 13. f4 Nxe5 14. dxe5 Nc6 15.
Qh5 Rad8 16. Rae1 d4 17. exd4 Nxd4 18. f5 Bd5 19. f6 Qe6 20. fxg7 Kxg7 21. Rf6 1-0

[Event "European Blitz 2017"]
[Site "Katowice POL"]
[Date "2017.12.15"]
[Round "14.46"]
[White "Janaszak, Dawid"]
[Black "Dzhuguryan, Tygran"]
[Result "0-1"]
[WhiteTitle "FM"]
[WhiteElo "2372"]
[BlackElo "2220"]
[WhiteFideId "1119206"]
[BlackFideId "21872988"]
[EventDate "2017.12.15"]
[EventType "blitz"]

1. d4 d5 2. f3 Bf5 3. g4 Nf6 4. h4 Bg6 5. g5 h5 6. e4 Ng8 7. Be3 e6 8. Ne2 Bd6
9. Qd2 c6 10. Qa5 Bf4 11. Qc7 Bd6 12. Qxd6 Ne7 13. Kd1 a5 14. Qh2 b5 0-1

[Event "European Blitz 2017"]
[Site "Katowice POL"]
[Date "2017.12.15"]
[Round "14.48"]
[White "Zwardon, Vojtech"]
[Black "Klabis, Rokas"]
[Result "0-1"]
[WhiteTitle "IM"]
[BlackTitle "FM"]
[WhiteElo "2408"]
[BlackElo "2366"]
[WhiteFideId "325511"]
[BlackFideId "12805246"]
[EventDate "2017.12.15"]
[EventType "blitz"]

1. c4 e5 2. g3 Nc6 3. Bg2 d6 4. Nc3 Be6 5. d3 Qc8 6. b4 Nf6 7. b5 Nd8 8. h3 Be7
9. Nf3 c6 10. Ng5 Bd7 11. bxc6 bxc6 12. Rb1 h6 13. Nge4 Nxe4 14. Nxe4 Ne6 15.
Ba3 Qc7 16. O-O f5 17. Nc3 O-O 18. Qa4 f4 19. Qa6 Rab8 20. Ne4 Rb6 21. Rxb6 axb6
22. Rb1 Rb8 23. e3 fxg3 24. fxg3 Bc8 25. Qa4 Bd7 26. Qb3 Kh8 27. Rf1 Ng5 28. Kh2
b5 29. c5 d5 30. Nd6 Bxd6 31. cxd6 Qb6 32. h4 Nh7 33. Rf7 Nf6 34. Bc1 Qc5 35.
Qa3 b4 36. Qb2 Qxd6 37. e4 Qe6 38. Rxf6 Qxf6 39. exd5 cxd5 40. Bxd5 Rc8 41. Be3
Qd6 42. Be4 Bc6 43. Bf5 Rf8 44. Bh3 Qxd3 45. Bc5 Qd5 46. Qc1 Rd8 47. Be3 Bd7 48.
Bxh6 Bxh3 49. Bxg7+ Kxg7 50. Qg5+ Kf7 51. Qh5+ Ke7 52. Qh7+ Kd6 53. Kxh3 e4 54.
g4 e3 55. Qh6+ Qe6 56. Qf4+ Kc6 57. Qxb4 e2 58. Qa4+ Kd6 59. Qd4+ Ke7 60. Qg7+
Kd6 61. Qd4+ Kc6 62. Qa4+ Kc5 63. Qa5+ Kd4 64. Qxd8+ Ke3 65. Qa5 Kf2 66. Qc5+
Qe3+ 67. Qxe3+ Kxe3 68. g5 e1=Q 69. Kg4 Ke4 70. g6 Ke5 71. Kg5 Qg3+ 72. Kh6 Kf6
73. h5 Qc7 74. a4 Qg7# 0-1